Παγκοσμιοποίηση αντι-παγκοσμιοποίηση

Αποθηκεύτηκε σε:
Λεπτομέρειες βιβλιογραφικής εγγραφής
Κύριος συγγραφέας: Held, David
Άλλοι συγγραφείς: McGrew, Anthony G.
Μορφή: Βιβλίο
Γλώσσα:English
Δημοσίευση: Αθήνα : Πολύτροπον, 2004.
Σειρά:Θεωρία - Ιδέες (Πολύτροπον)
Θέματα:
Ετικέτες: Προσθήκη ετικέτας
Δεν υπάρχουν, Καταχωρήστε ετικέτα πρώτοι!

MARC

LEADER 00000cam a2200000 i 4500
001 1/43849
008 070507s2004 gr | ||| |||| ||eng||
020 |a 9608354218 
035 |l 10087709 
040 |a GR-MY-UA  |b gre  |e aacr 
041 0 |a eng 
082 7 |a 303.482   |2 (22) 
100 1 |a Held, David. 
245 1 0 |a Παγκοσμιοποίηση αντι-παγκοσμιοποίηση /   |c Held, David, McGrew, Anthony G. 
260 |a Αθήνα :   |b Πολύτροπον,   |c 2004. 
300 |a 235 σ. :   |b εικ. ;   |c 21 εκ. 
490 1 |a (Θεωρία - Ιδέες / Πολύτροπον) 
504 |a Βιβλιογραφία: σ. 207-224. 
650 0 0 |a Globalization. 
650 0 0 |a Socialism. 
700 1 |a McGrew, Anthony G. 
830 0 |a Θεωρία - Ιδέες (Πολύτροπον) 
852 |a INST  |b RHODES  |e 20070507  |h 303.482 HEL  |p 005400026616  |q 005400026616  |t BK  |y 4  |x 20221118 
901 |a BIBL4-2007-2 
909 |a Ρ  |b 127889 
920 |a ΠΑΠΑΧΑΤΖΟΠΟΥΛΟΥ  |y Ρόδος  |z 2007-04 
970 |a ΜΙΣΣΟΣ  |b ΣΤΑΥΡΟΣ  |z 2007/05/07